| 000 -CABECERA |
| fixed length control field |
01118nam a22002537a 4500 |
| 003 - IDENTIFICADOR DEL NÚMERO DE CONTROL |
| control field |
AR-CdUCM |
| 008 - DATOS DE LONGITUD FIJA--INFORMACIÓN GENERAL |
| fixed length control field |
190329b ||||| |||| 00| 0 spa d |
| 040 ## - FUENTE DE LA CATALOGACIÓN |
| Agencia/entidad que catalogó originalmente la obra |
MUNICIPALIDAD PROVINCIAL DEL CUSCO |
| Entidad que transcribió la catalogación |
BIBLIOTECA MUNICIPAL DEL CUSCO |
| 082 ## - NÚMERO DE LA CLASIFICACIÓN DECIMAL DEWEY |
| No. de Clasificación |
343 / |
| Notacion interna |
L62 / 1872 |
| 100 ## - ENTRADA PRINCIPAL--NOMBRE DE PERSONA |
| Nombre Personal |
Lieber,Francisco |
| 245 ## - MENCIÓN DE TÍTULO |
| Título |
La libertad civil y el gobierno propio / |
| 260 ## - PUBLICACIÓN, DISTRIBUCIÓN, ETC. |
| Lugar de publicación, distribución, etc. |
Paris : |
| Nombre de la editorial, distribuidor, etc. |
Libreria de rosa y bouret, |
| Fecha de publicación, distribución, etc. |
1872. |
| 300 ## - DESCRIPCIÓN FÍSICA |
| Nº de Páginas Extensión |
2 tomos ; |
| Dimensiones |
22 cm. |
| 440 ## - MENCIÓN DE SERIE/PUNTO DE ACCESO ADICIONAL--TÍTULO |
| Título |
La libertad civil |
| Número de la parte/sección de una obra |
2 |
| 9 (RLIN) |
26785 |
| 505 ## - NOTA DE CONTENIDO CON FORMATO |
| Nota de contenido formateada |
Contenido : t.1 : Definiciones de la libertad -- Significación de la libertad civil -- Libertad anglicana -- Comunión Locomoción, emigración -- Libertad de conciencia, propiedad supremacía de la ley. -- t.2 :desenvolvimiento institucional -- peligros e inconvenientes -- ventajas del gobierno institucional -- inseguridad de los gobiernos institucionales... |
| 650 ## - PUNTO DE ACCESO ADICIONAL DE MATERIA--TÉRMINO DE MATERIA |
| Descriptor |
Gobiernos |
| 9 (RLIN) |
10721 |
| 650 ## - PUNTO DE ACCESO ADICIONAL DE MATERIA--TÉRMINO DE MATERIA |
| Descriptor |
Institucionales |
| 9 (RLIN) |
26786 |
| 650 ## - PUNTO DE ACCESO ADICIONAL DE MATERIA--TÉRMINO DE MATERIA |
| Descriptor |
Libertad |
| 9 (RLIN) |
2892 |
| 650 ## - PUNTO DE ACCESO ADICIONAL DE MATERIA--TÉRMINO DE MATERIA |
| Descriptor |
Civil |
| 9 (RLIN) |
18612 |
| 700 ## - PUNTO DE ACCESO ADICIONAL--NOMBRE DE PERSONA |
| Nombre Personal |
Gonzales, Florentino (Traductor) |
| 9 (RLIN) |
26787 |
| 942 ## - ELEMENTOS DE PUNTO DE ACCESO ADICIONAL (KOHA) |
| Fuente de clasificación |
|
| Tipo de item |
Libros-BMC |
| 945 ## - PROCESAMIENTO DE INFORMACIÓN LOCAL (OCLC) |
| Catalogador |
pjha |